The Spanish cockpit (Record no. 172509)

MARC details
000 -LEADER
campo de control de longitud fija 00996nam a2200253 i 4500
001 - NÚMERO DE CONTROL
campo de control 172509
003 - IDENTIFICADOR DE NÚMERO DE CONTROL
campo de control ES-MaACL
005 - FECHA Y HORA DE LA ÚLTIMA TRANSACCIÓN
campo de control 20230906214935.0
008 - DATOS DE LONGITUD FIJA--INFORMACIÓN GENERAL
campo de control de longitud fija 090713s1963 xxu |||| | eng d
080 ## - NÚMERO DE LA CLASIFICACIÓN DECIMAL UNIVERSAL
Número de la Clasificación Decimal Universal 94(460).092
080 ## - NÚMERO DE LA CLASIFICACIÓN DECIMAL UNIVERSAL
Número de la Clasificación Decimal Universal 32(460)"1931/1939"
100 1# - ENTRADA PRINCIPAL--NOMBRE DE PERSONA
Nombre de persona Borkenau, Franz.
9 (RLIN) 30510
245 14 - MENCIÓN DEL TÍTULO
Título The Spanish cockpit
Resto del título : an eye-witness account of the political and social conflicts of the Spanish Civil War /
Mención de responsabilidad, etc. by Franz Borkenau ; forewood by Gerald Brenan.
250 ## - MENCION DE EDICION
Mención de edición 1st ed. as an Ann Arbor paperback.
260 ## - PUBLICACIÓN, DISTRIBUCIÓN, ETC.
Lugar de publicación, distribución, etc. [Michigan] :
Nombre del editor, distribuidor, etc. The University of Michigan Press,
Fecha de publicación, distribución, etc. 1963.
300 ## - DESCRIPCIÓN FÍSICA
Extensión XI, 303 p. ;
Dimensiones 20 cm.
490 1# - MENCIÓN DE SERIE
Mención de serie Ann Arbor paperbacks ;
Designación de volumen o secuencia 77
651 #4 - PUNTO DE ACCESO ADICIONAL DE MATERIA--NOMBRE GEOGRÁFICO
Nombre geográfico España-
Subdivisión general Historia-
Subdivisión cronológica 1936-1939, Guerra civil.
9 (RLIN) 8292
651 #4 - PUNTO DE ACCESO ADICIONAL DE MATERIA--NOMBRE GEOGRÁFICO
Nombre geográfico España-
Subdivisión general Política y gobierno-
Subdivisión cronológica 1931-1939.
9 (RLIN) 141057
700 1# - ENTRADA AGREGADA--NOMBRE PERSONAL
Nombre de persona Brenan, Gerald.
9 (RLIN) 31574
830 1# - PUNTO DE ACCESO ADICIONAL DE SERIE-TÍTULO UNIFORME
Título uniforme Ann Arbor paperbacks ;
Designación de volumen o secuencia 77
9 (RLIN) 223350
852 ## - LOCALIZACIÓN
Ubicación ES-MaACL
Número de control de estantería E-12827
Nota libre - Biblioteca Jacinto Martínez Lacalle
Holdings
Estatus retirado Estado de pérdida Estado de daño No para préstamo Biblioteca de origen Biblioteca actual Ubicación en estantería Fecha de adquisición Fuente de adquisición Total de préstamos Signatura topográfica completa Código de barras Visto por última vez Precio de reemplazo Tipo de ítem Koha
        Biblioteca del Ateneo de Madrid Biblioteca del Ateneo de Madrid Depósito 2 13/07/2009     E-12827 1181035 23/02/2023 23/02/2023 Libro impreso